Think and Grow Rich (Record no. 369653)

MARC details
000 -LEADER
fixed length control field 00449nam a2200169 4500
005 - DATE AND TIME OF LATEST TRANSACTION
control field 20251231161913.0
008 - FIXED-LENGTH DATA ELEMENTS--GENERAL INFORMATION
fixed length control field 251231b |||||||| |||| 00| 0 eng d
020 ## - INTERNATIONAL STANDARD BOOK NUMBER
International Standard Book Number 978-93-5333-815-2
041 ## - LANGUAGE CODE
Language code of text/sound track or separate title English
082 ## - DEWEY DECIMAL CLASSIFICATION NUMBER
Edition number 1st 2020
Classification number X 158.1 HIL
Item number B12110
100 ## - MAIN ENTRY--PERSONAL NAME
Author Hill, Napoleon
245 ## - TITLE STATEMENT
Title Think and Grow Rich
260 ## - PUBLICATION, DISTRIBUTION, ETC.
Place of publication, distribution, etc. New Delhi
Name of publisher, distributor, etc. Rupa Publication
Date of publication, distribution, etc. 2020
300 ## - PHYSICAL DESCRIPTION
Extent xii,227p
Other physical details pb
365 ## - TRADE PRICE
Price type code Rupaye
Price amount 150
Currency code INR
942 ## - ADDED ENTRY ELEMENTS (KOHA)
Koha item type Books
Holdings
Withdrawn status Lost status Source of classification or shelving scheme Damaged status Not for loan Collection code Home library Current library Date acquired Vendor Net Price Bill number Total Checkouts Full call number Barcode Date due Date last seen Date last checked out Actual Price Bill Date Koha item type Original Barcode
    Dewey Decimal Classification     Non-fiction Smt. Bakul Tambat Institute of Nursing Education Smt. Bakul Tambat Institute of Nursing Education 30/12/2025 Amazon(online) 406-3637480-7345125 70.00 JPX2-817273 2 X 158.1 HIL B12110 BTIN-BK-12110 17/09/2026 21/03/2026 21/03/2026 150.00 14/10/2025 Books BTIN-BK-12110